History of the Jews (Record no. 1846)

MARC details
000 -LEADER
fixed length control field 00545nam a2200229 a 4500
020 ## - INTERNATIONAL STANDARD BOOK NUMBER
ISBN
082 00 - DEWEY DECIMAL CLASSIFICATION NUMBER
Classification number 296.09
Author Cutter GRA
100 ## - MAIN ENTRY--AUTHOR NAME
Author name Graetz, Hinrich
245 ## - TITLE STATEMENT
Title History of the Jews
260 ## - PUBLICATION, DISTRIBUTION, ETC. (IMPRINT)
Place of publication Philadelphia
Name of publisher No Publisher
Year of publication 1946
300 ## - PHYSICAL DESCRIPTION
Number of Pages 00p
500 ## - GENERAL NOTE
General note includes index and biblioraphy
650 ## - SUBJECT ADDED ENTRY--TOPICAL TERM
Topical Term Judaism-History
942 ## - ADDED ENTRY ELEMENTS (KOHA)
Koha item type Books
700 1# -
-- Graetz, Hinrich
Holdings
Collection code Home library Current library Shelving location Date acquired Cost, normal purchase price Full call number Accession Number Koha item type
Reference Henry Martyn Institute Library Henry Martyn Institute Library Reference   100.00 296.09 GRA 00584 Books
Reference Henry Martyn Institute Library Henry Martyn Institute Library Reference   100.00 296.09 GRA 00585 Books
Reference Henry Martyn Institute Library Henry Martyn Institute Library Reference   100.00 296.09 GRA 00586 Books
Reference Henry Martyn Institute Library Henry Martyn Institute Library Reference   100.00 296.09 GRA 00587 Books
Reference Henry Martyn Institute Library Henry Martyn Institute Library Reference   100.00 296.09 GRA 00588 Books
Reference Henry Martyn Institute Library Henry Martyn Institute Library Reference   100.00 296.09 GRA 00589 Books
                   Copyright © 2026 | Henry Martyn Institute | Hyderabad | TS-500052 | INDIA | Implemented by hmi.edu.in
Hit-Count:

Powered by Koha